000 00815nas a2200277 4500
001 BR2014004488
003 BR-BrBNA
005 20231205124252.0
007 ta
008 230509b bl.|||p| |||| 00| 00por d
040 _aBR-BrBNA
_bpor
_cBiblioteca Nacional de Agricultura
041 _a(Pt)
072 _aE40; E70; C10
100 1 _aPantoja, MJ.
100 1 _aNeiva, E.R.
245 1 _aAprendizagem e mudança no contexto associativista do agronegócio
650 _aASSOCIATIVISMO
650 _aAGRONEGÓCIO
650 _aTRABALHO
650 _aTREINAMENTO
650 _aPROJETO DE DESENVOLVIMENTO
650 _aANÁLISE DE DADOS
773 0 _tNosso Alho (Brazil)
_xISSN 2177-2959
_g(Apl 2014), no. 19 p. 58-72
_wBR2014004488
909 _a202311
_bLúcia
_c55
_dLúcia Elande
942 _2AGRIS
_n0
_cANA
999 _c238208
_d238208